| 000 | 00364nam a2200145Ia 4500 | ||
|---|---|---|---|
| 008 | 230917s9999||||xx |||||||||||||| ||und|| | ||
| 040 |
_e45817 _aMAIN |
||
| 041 | _aEnglish | ||
| 082 | _a821.6 W891B | ||
| 100 | _aWordsworth, William | ||
| 245 | 0 | _aBenjamin the Waggoner | |
| 260 |
_aIthaca _bCornell University Press _c1981 |
||
| 300 | _axii, 356 p. | ||
| 942 | _cBK | ||
| 999 |
_c44260 _d44260 |
||